UBT Library

THE ART AND SCIENCE OF LEADERSHIP (Record no. 35335)

000 -LEADER
fixed length control field 00306nam a22001337a 4500
008 - FIXED-LENGTH DATA ELEMENTS--GENERAL INFORMATION
fixed length control field 171021b xxu||||| |||| 00| 0 eng d
020 ## - INTERNATIONAL STANDARD BOOK NUMBER
International Standard Book Number 9780133815344
041 ## - LANGUAGE CODE
Language code of text/sound track or separate title eng
080 ## - UNIVERSAL DECIMAL CLASSIFICATION NUMBER
Universal Decimal Classification number 658
100 ## - Rafti
Rafti 54
101 ## - Shkurtesa
Shkurtesa LIN
245 ## - TITLE STATEMENT
Title THE ART AND SCIENCE OF LEADERSHIP
Statement of responsibility, etc NAHAVANDI, A
942 ## - ADDED ENTRY ELEMENTS (KOHA)
Source of classification or shelving scheme
Item type Books
Holdings
Withdrawn status Lost status Source of classification or shelving scheme Damaged status Not for loan Collection code Permanent location Current location Shelving location Date acquired Total Checkouts Full call number Barcode Date last seen Price effective from Koha item type
          Koleksioni i përgjithshem UBT - Lipjan UBT - Lipjan Koleksioni i përgjithshem 10/21/2017   658 NAH 002-2933722 10/21/2017 10/21/2017 Books
UBT Library © 2015-2024. All rights reserved University Education for Business and Technology